Does It Run Doom? - Statistics

General Stats
  • This quiz has been taken 16 times
  • The average score is 7 of 18
Answers on the Grid
Answers color-coded by a green-red scale on the quiz's grid according to % correct below.
3DO
3DS
Android
Atari Jaguar
Atari Lynx
Game Boy Advance
Game Gear
GameBoy Color
GameCube
Gizmondo
iOS
Neo Geo
Neo Geo Pocket Color
Nintendo DS
Nintendo Switch
Nomad
PC
PlayStation
PlayStation 2
PlayStation 3
PlayStation 4
PlayStation 5
PlayStation Portable
PlayStation Vita
Sega 32X
Sega Dreamcast
Sega Genesis
Sega Saturn
Super Nintendo Entertainment System
TurboGrafx 16
Wii
WiiU
Xbox
Xbox 360
Xbox One
Xbox Series X
 
Answer Stats
Answer % Correct
3DO
89%
Atari Jaguar
44%
PlayStation
44%
Xbox
44%
Xbox 360
44%
Xbox One
44%
Android
33%
Game Boy Advance
33%
Nintendo Switch
33%
PC
33%
PlayStation 3
33%
PlayStation 4
33%
PlayStation 5
33%
Sega Saturn
33%
Super Nintendo Entertainment System
33%
Xbox Series X
33%
iOS
22%
Sega 32X
22%
No matching quizzes found
Score Distribution
Percent of People with Each Score
Percentile by Number Answered
Your Score History
You have not taken this quiz